Word Ladder: Red Cross Quiz Stats

 Plays Quiz Updated Dec 15, 2012

     
Support Sporcle.
Go Orange.
Score 0/42 Timer 06:00
4 Plays Today
Clue % Correct
TowheadedBLOND
98.8%
☞Internal Bodily Fluid☜BLOOD
97.5%
Lacking in flavorBLAND
97%
Wally West or Barry Allen, e.g.FLASH
90.6%
Never used, e.g.FRESH
90.4%
The meat of an animalFLESH
88.8%
Liquor containerFLASK
88.5%
Fill in the _____BLANK
86.8%
Mickey or Minnie, e.g.MOUSE
82.5%
To go around, militarilyFLANK
79.4%
Bee outputHONEY
77.9%
Soup baseBROTH
76.9%
Diner seatingBOOTH
75.3%
College newbieFROSH
75.2%
Pirate's treasureBOOTY
75.1%
Coins and greenbacksMONEY
74.1%
Foamy massFROTH
70.9%
Overnight innMOTEL
69.6%
Lacking interestBORED
68.1%
Start of mid-life?FORTY
65.4%
Uncovered and exposedBARED
61.4%
Clue % Correct
Model yachtFOOTY
56.3%
☞Charitable contributor☜DONOR
54.9%
Something you excel atFORTE
54.1%
Friends, slangily, in the UKMATES
52.5%
Hard sharpening stoneHONER
52.1%
EsteemHONOR
51.7%
Tiny pieces of substancesMOTES
49.8%
Walk leisurelyMOSEY
49.3%
Sweet oval fruitsDATES
47.9%
Dull, light brown colorMOUSY
47.9%
Old-fashioned or outmodedDATED
46.9%
Pierced by a hornGORED
43.8%
Inventor of the telegraphMORSE
42.1%
Decreased in intensityBATED
42%
Proceed aheadFORGE
40.8%
Deep narrow passageGORGE
40.5%
Edible fungusMOREL
36.4%
The end of a fableMORAL
36.4%
Extremely conservative, slangilyMOSSY
35.9%
Senegalese islandGOREE
32.6%
Units of sound in phonologyMORAE
28.3%

Today's Daily Dose

From the Vault

What's It Stand For? Three Letter A-Z VII

by LTH

Now we've got R.E.M's Stand stuck in our head.
Remove Ads.
Support Sporcle.
Get the best of Sporcle when you Go Orange. This ad-free experience offers more features, more stats, and more fun while also helping to support Sporcle. Thank you for becoming a member.

Show Comments

Extras

Top Quizzes Today


Score Distribution

Your Account Isn't Verified!

In order to create a playlist on Sporcle, you need to verify the email address you used during registration. Go to your Sporcle Settings to finish the process.

Report this User

Report this user for behavior that violates our Community Guidelines.

Details: